00382nam a2200157Ia 4500008004100000020001800041082001400059100002500073245003200098260001800130300000800148650001100156650001900167650001500186650002300201220501s1996 xx 000 0 eng d a9780140435719 a170 SPI-E aSpinoza, Benedict De 0aEthicscBenedict De Spinoza bPenguinc1996 a186 aEthics aEthics, modern aPhilosophy aPhilosophy, modern